Type Fast Keyboards (QWERTY...) - Statistics

General Stats
  • This quiz has been taken 161 times
  • The average score is 49 of 130
Answer Stats
Hint Answer % Correct
Q Q
100%
W W
98%
E E
96%
R R
96%
T T
96%
Y Y
95%
U U
93%
I I
91%
O O
89%
P P
89%
A A
87%
D D
87%
S S
87%
F F
84%
G G
84%
H H
82%
J J
82%
K K
80%
L L
80%
X X
75%
Z Z
75%
B B
71%
C C
71%
M M
71%
N N
71%
V V
71%
Q Q
58%
W W
56%
E E
55%
R R
51%
T T
51%
Y Y
51%
I I
49%
O O
49%
P P
49%
U U
49%
A A
47%
D D
47%
S S
47%
F F
45%
G G
45%
H H
45%
J J
44%
K K
44%
L L
44%
Z Z
44%
C C
42%
V V
42%
X X
42%
B B
40%
N N
40%
E E
38%
I I
38%
M M
38%
Q Q
38%
R R
38%
T T
38%
U U
38%
W W
38%
Y Y
38%
O O
36%
P P
36%
A A
35%
S S
35%
D D
33%
F F
33%
G G
31%
H H
31%
J J
29%
K K
29%
L L
29%
X X
25%
Z Z
25%
B B
24%
C C
24%
M M
24%
N N
24%
V V
24%
A A
22%
D D
22%
E E
22%
F F
22%
G G
22%
H H
22%
I I
22%
J J
22%
K K
22%
L L
22%
O O
22%
P P
22%
Q Q
22%
R R
22%
S S
22%
T T
22%
U U
22%
W W
22%
Y Y
22%
Z Z
20%
C C
16%
V V
16%
X X
16%
B B
15%
M M
15%
N N
15%
Q Q
13%
W W
13%
E E
11%
R R
11%
I I
9%
O O
9%
T T
9%
U U
9%
Y Y
9%
P P
7%
A A
4%
D D
4%
F F
4%
S S
4%
B B
2%
C C
2%
G G
2%
H H
2%
J J
2%
K K
2%
L L
2%
M M
2%
N N
2%
V V
2%
X X
2%
Z Z
2%
No matching quizzes found
Score Distribution
Percent of People with Each Score
Percentile by Number Answered
Your Score History
You have not taken this quiz